书目信息 |
| 题名: |
IBM WebSphere MQ基础教程
|
|
| 作者: | 甘荃 , 娄丽军 编著 | |
| 分册: | ||
| 出版信息: | 北京 电子工业出版社 2004.01 |
|
| 页数: | 249页 | |
| 开本: | 24cm | |
| 丛书名: | IBM软件学院 | |
| 单 册: | ||
| 中图分类: | TP393.09 | |
| 科图分类: | ||
| 主题词: | 计算机网络--应用软件 | |
| 电子资源: | ||
| ISBN: | 7-5053-9445-2 | |
| 000 | 00969nam 2200277 450 | |
| 001 | 0160118577 | |
| 005 | 20051114154015.34 | |
| 010 | @a7-5053-9445-2@dCNY29.00 | |
| 100 | @a20050206d2004 km y0chiy0120 ea | |
| 101 | 0 | @achi |
| 102 | @aCN@b110000 | |
| 105 | @aa z 000yy | |
| 200 | 1 | @aIBM WebSphere MQ基础教程@AIBM WebSphere MQ ji chu jiao cheng@d= The guide for IBM WebSphere MQ@f甘荃, 娄丽军编著@Fgan quan,lou li jun bian zhu@zeng |
| 210 | @a北京@c电子工业出版社@d2004.01 | |
| 215 | @a249页@c图@d24cm | |
| 225 | 2 | @aIBM软件学院 |
| 330 | @a本书主要面对WebSphereMQ初学者,介绍了WebSphereMQ原理和体系结构,讲述了WebSphereMQ系统管理、应用开发等内容。 | |
| 410 | 0 | @12001 @aIBM软件学院 |
| 510 | @aGuide for IBM WebSphere MQ@zeng | |
| 606 | 0 | @a计算机网络@x应用软件 |
| 610 | 0 | @aWebSphere MQ |
| 690 | @aTP393.09@v4 | |
| 701 | 0 | @a甘荃@Agan quan@4编著 |
| 701 | 0 | @a娄丽军@Alou li jun@4编著 |
| 801 | 0 | @aCN@bQSSK@c20051114 |
| 905 | @a10447@dTP393.09@eG025 | |
| IBM WebSphere MQ基础教程= The guide for IBM WebSphere MQ/甘荃, 娄丽军编著.-北京:电子工业出版社,2004.01 |
| 249页:图;24cm.-(IBM软件学院) |
| ←并列题名:Guide for IBM WebSphere MQ |
| ISBN 7-5053-9445-2:CNY29.00 |
| 本书主要面对WebSphereMQ初学者,介绍了WebSphereMQ原理和体系结构,讲述了WebSphereMQ系统管理、应用开发等内容。 |
| ● |
| 相关链接 |
|
|
|
正题名:IBM WebSphere MQ基础教程
索取号:TP393.09/G025
 
预约/预借
| 序号 | 登录号 | 条形码 | 馆藏地/架位号 | 状态 | 备注 |
| 1 | 575966 | 205759669 | 自科库301/301自科库 123排2列6层/ [索取号:TP393.09/G025] | 在馆 | |
| 2 | 575967 | 205759678 | 自科二线404/301自科库 118排2列6层/ [索取号:TP393.09/G025] | 在馆 | |
| 3 | 575968 | 205759687 | 自科库301/301自科库 123排2列6层/ [索取号:TP393.09/G025] | 在馆 |